Statistiques concernant personnages de the 100

Cliquez ici pour prendre le quiz!

Statistiques générales

  • Ce quiz a été pris 81 fois
  • Le résultat moyen est 12 sur 15

Statistiques - réponses

HintRéponse% Correct
il dit souvent : "ma soeur, ma responsabilité"bellamy
100%
elle est la meilleure des mécanosraven
97%
elle est surnomée wanhedaclarke
95%
sur l'arche, il était chancelierjaha
94%
il a été pendu par les 100 mais n'est pas mortmurphy
94%
la reine au sang rougeoctavia
94%
elle dirige les armées trikruindra
90%
elle a crée la coalitionlexa
90%
exécuté par pikelincoln
85%
il est mort poignardé par charlottewells
85%
c'est la fille de clarkemaddy
76%
fils de monty et harperjordan
74%
elle dirige les floukruluna
60%
le dernier homme de la montagneemerson
32%
c'est la chef des prisonniers descendu sur terre après le paraimfayadiosa
18%

Distribution des résultats

Percentile par nombre de réponses

% des personnes avec chaque résultat

Votre développement - résultats

Vous n’avez pas pris ce quiz